000 00307nam a2200121Ia 4500
008 190216s9999||||xx |||||||||||||| ||und||
100 _aSykes Peter
245 0 _aGuide Book To Mechanism Inorganic Chemistry
260 _bOrient Longman
_c1975
300 _a362p
650 _aChemistry-Chemistry
942 _cBK
999 _c2155
_d2155